000 00941nam a2200265Ia 4500
003 OSt
005 20220923211407.0
006 a|||||r|||| 00| 0
007 ta
008 220922b |||||||| |||| 00| 0 hin d
020 _a9788189997274
_c250
024 _a284,719
037 _b145, 30/08/2012, Eastern Book Linkers
_cTextual
040 _aARTS
_cARTS
_bhin
041 _2hin
_ahin
082 _aO152,3NKHx, P9
100 _aखुबालकर, आरती
_9156275
245 0 _a1 बाल कहानियॉ़ं
246 _a1 bāl kahāniyaॉ़an
260 _aनई दिल्ली
_b श्री नटराज प्रकाशन
_c2009
300 _a216पृ.
_ccm.
650 _aहिन्दी साहित्य
_9156264
942 _hO152,3NKHx, P9
_cTEXL
_2CC
999 _c299073
_d299073